000 00642nam a2200193Ia 4500
003 GCL
008 140319s9999 xx 000 0 ara d
040 _aGCL /
_cGCL
082 0 4 _a953
_bف ح
100 1 _aفؤاد محمد شبل
245 1 0 _aحضار الاسلام فى دراسة توينبى للتاريخ /
_cفؤاد محمد شبل
260 _a[S.N] :
_bالمؤسسة المصرية العامة
300 _a110 ص
490 _aالمكتبة الثقافية
_v0
650 0 4 _aالتاريخ الاسلامى
650 0 4 _aالحضارة الاسلامية
650 0 4 _aتوينبى , ارنولد
942 _2ddc
_cBK
999 _c54131
_d54131